| 000 | 00353nam a2200133Ia 4500 | ||
|---|---|---|---|
| 008 | 240624s9999 xx 000 0 und d | ||
| 041 | _aeng | ||
| 082 | _a647.94 BRO | ||
| 100 | _aBROTHERTON BOB | ||
| 245 | _aSAGE HANDBOOK OF HOSPITALITY MANAGEMENT | ||
| 260 |
_c2008 _aNew Delhi _bSage Publications |
||
| 300 | _axv, : 555p. ; 25cm. | ||
| 365 |
_cBPS _b34 |
||
| 999 |
_c13859 _d13859 |
||